[Event "THA-ch Rapid"]
[Site "Bangkok"]
[Date "2023.12.05"]
[Round "2"]
[White "Nakvanich, Sahapol"]
[Black "Kaewwattha, Natrada"]
[Result "0-1"]
[WhiteElo "1746"]
[BlackElo "1384"]
[PlyCount "100"]
[EventDate "2023.12.05"]
[EventType "swiss (rapid)"]
[EventRounds "13"]
[EventCountry "THA"]
[SourceTitle "CB50_2023"]
[SourceDate "2023.12.13"]
[SourceVersion "1"]
[SourceVersionDate "2023.12.13"]
[SourceQuality "1"]

1. e4 c6 2. d4 d5 3. Nc3 dxe4 4. Nxe4 Bf5 5. Ng3 Bg6 6. Nf3 Nd7 7. h4 h6 8. h5 Bh7 9. Bd3 Bxd3 10. Qxd3 e6 11. Bf4 Qa5+ 12. Bd2 Bb4 13. a3 Bxd2+ 14. Qxd2 Qxd2+ 15. Nxd2 Ngf6 16. 0-0-0 0-0-0 17. f3 Nb6 18. c3 Nbd5 19. Nde4 Ne3 20. Rd2 Nfd5 21. Nf1 Nc4 22. Rd1 Rhe8 23. Ned2 Nce3 24. Nxe3 Nxe3 25. Rde1 Nf5 26. g4 Ne7 27. f4 Rd5 28. Nc4 c5 29. dxc5 Kb8 30. b4 Nc8 31. Ne3 Rd3 32. Kc2 Red8 33. Re2 Kc7 34. Rd1 Rxd1 35. Nxd1 Kc6 36. c4 b6 37. cxb6 Nxb6 38. Nb2 Rd4 39. Rf2 Nxc4 40. Kc3 Kd5 41. Nd3 Nb6 42. Nc5 Rc4+ 43. Kb3 Rd4 44. f5 Rxg4 45. fxe6 fxe6 46. Rd2+ Kc6 47. Nxe6 Rg3+ 48. Ka2 Nc4 49. Nd4+ Kb6 50. Nc2 Nxd2 0-1

[Event "World ol U16"]
[Site "Eindhoven"]
[Date "2023.08.14"]
[Round "3.28"]
[White "Thornton, Hayley"]
[Black "Kaewwattha, Natrada"]
[Result "1/2-1/2"]
[WhiteElo "1065"]
[BlackElo "1411"]
[PlyCount "92"]
[EventDate "2023.08.13"]
[EventType "team-swiss"]
[EventRounds "9"]
[EventCountry "NED"]
[SourceTitle "CBM 215 Extra"]
[Source "ChessBase"]
[SourceDate "2023.09.30"]
[SourceVersion "1"]
[SourceVersionDate "2023.09.30"]
[SourceQuality "1"]
[WhiteTeam "Malta"]
[BlackTeam "Thailand II"]
[WhiteTeamCountry "MLT"]
[BlackTeamCountry "THA"]

1. e4 c6 2. d4 d5 3. Nc3 dxe4 4. Nxe4 Bf5 5. Ng3 Bg6 6. h4 h6 7. h5 Bh7 8. Nf3 Nd7 9. Bd3 Bxd3 10. Qxd3 e6 11. Bd2 Ngf6 12. 0-0-0 Be7 13. Ne4 Nxe4 14. Qxe4 Nf6 15. Qe2 Qb6 16. Be3 Qa5 17. a3 Nxh5 18. Ne5 Nf6 19. Rd3 Rc8 20. Rb3 Qc7 21. Bf4 Bd6 22. Rg3 Nd5 23. Qg4 Nxf4 24. Qxf4 f6 25. Qg4 fxe5 26. Qxe6+ Be7 27. Rxg7 Qd7 28. Rg8+ Rxg8 29. Qxg8+ Bf8 30. Rxh6 Qg7 31. Qe6+ Kd8 32. Rf6 Rc7 33. Qxe5 Qe7 34. Qxe7+ Kxe7 35. Rf3 Bh6+ 36. Kd1 Rd7 37. c3 Ke6 38. Ke2 Bc1 39. g4 Rg7 40. Rg3 Bxb2 41. f4 Bxa3 42. f5+ Kf6 43. Ke3 Bd6 44. Rg1 Kg5 45. Rf1 Re7+ 46. Kf3 Rh7 1/2-1/2

[Event "World ol U16"]
[Site "Eindhoven"]
[Date "2023.08.13"]
[Round "1.19"]
[White "Gergin, Isafara"]
[Black "Kaewwattha, Natrada"]
[Result "0-1"]
[WhiteElo "1751"]
[BlackElo "1411"]
[PlyCount "112"]
[EventDate "2023.08.13"]
[EventType "team-swiss"]
[EventRounds "9"]
[EventCountry "NED"]
[SourceTitle "CBM 215 Extra"]
[Source "ChessBase"]
[SourceDate "2023.09.30"]
[SourceVersion "1"]
[SourceVersionDate "2023.09.30"]
[SourceQuality "1"]
[WhiteTeam "Netherlands II"]
[BlackTeam "Thailand II"]
[WhiteTeamCountry "NED"]
[BlackTeamCountry "THA"]

1. e4 c6 2. d4 d5 3. Nc3 dxe4 4. Nxe4 Bf5 5. Ng3 Bg6 6. h4 h6 7. Nf3 Nd7 8. h5 Bh7 9. Bd3 Bxd3 10. Qxd3 e6 11. Bd2 Ngf6 12. 0-0-0 Be7 13. Ne4 Nxe4 14. Qxe4 Nf6 15. Qd3 Qb6 16. Ne5 Nd5 17. Qf3 Bf6 18. Bf4 Nxf4 19. c4 Qa5 20. Kb1 Bxe5 21. dxe5 Qxe5 22. g3 Qf5+ 23. Ka1 Nxh5 24. Qxf5 exf5 25. Rxh5 g6 26. Rhh1 Ke7 27. Rhe1+ Kf6 28. Rd7 Rhe8 29. Red1 Rab8 30. Kb1 Re2 31. f4 Re3 32. Rg1 Ke6 33. Rc7 g5 34. fxg5 hxg5 35. Kc1 f4 36. gxf4 gxf4 37. Rf1 Re4 38. b3 f5 39. Kc2 Re2+ 40. Kb1 Re4 41. Kc2 Kd6 42. Rf7 Re2+ 43. Kb1 Ke6 44. Rg7 Rd8 45. Rxb7 Rdd2 46. Rxa7 Rf2 47. Rxf2 Rxf2 48. Rh7 f3 49. Rh3 Rf1+ 50. Kb2 f2 51. Re3+ Kf6 52. Rf3 Kg5 53. Ka3 Kg4 54. Rd3 Re1 55. Rd4+ f4 56. Rd2 f1Q 0-1

[Event "THA-ch (Women)"]
[Site "Bangkok"]
[Date "2021.11.08"]
[Round "7"]
[White "Kaewwattha, Natrada"]
[Black "Nilkhumhaeng, Nilwadee"]
[Result "1-0"]
[WhiteElo "1179"]
[BlackElo "1229"]
[PlyCount "54"]
[EventDate "2021.11.05"]
[EventType "swiss"]
[EventRounds "9"]
[EventCountry "THA"]
[SourceTitle "CBM 205 Extra"]
[Source "ChessBase"]
[SourceDate "2022.01.31"]
[SourceVersion "1"]
[SourceVersionDate "2022.01.31"]
[SourceQuality "1"]

1. e4 c5 2. c3 Nc6 3. d4 e6 4. Nf3 g6 5. Be2 Bg7 6. 0-0 cxd4 7. cxd4 d5 8. exd5 exd5 9. Nc3 Nge7 10. Bg5 0-0 11. Qd2 Re8 12. Rfe1 Be6 13. Rac1 Qd7 14. Na4 Nf5 15. Nc5 Qc7 16. Nxe6 fxe6 17. b4 Qf7 18. Bb5 Rac8 19. Ne5 Bxe5 20. dxe5 Rf8 21. Bxc6 bxc6 22. Rc5 h6 23. Bf6 Kh7 24. Rec1 Qd7 25. R1c3 Rg8 26. Rh3 Qe8 27. g4 Rh8 1-0

[Event "THA-ch (Women)"]
[Site "Bangkok"]
[Date "2021.11.07"]
[Round "5"]
[White "Kaewwattha, Natrada"]
[Black "Khampliw, Chitsan"]
[Result "1-0"]
[WhiteElo "1179"]
[BlackElo "1069"]
[PlyCount "115"]
[EventDate "2021.11.05"]
[EventType "swiss"]
[EventRounds "9"]
[EventCountry "THA"]
[SourceTitle "CBM 205 Extra"]
[Source "ChessBase"]
[SourceDate "2022.01.31"]
[SourceVersion "1"]
[SourceVersionDate "2022.01.31"]
[SourceQuality "1"]

1. e4 d6 2. d4 c6 3. c3 Nf6 4. Bd3 e5 5. Nf3 Bg4 6. Nbd2 Nbd7 7. 0-0 h6 8. Re1 g6 9. h3 Bxf3 10. Nxf3 Bg7 11. Be3 0-0 12. Bc2 d5 13. dxe5 Nxe4 14. Bf4 Qb6 15. Bxe4 dxe4 16. Rxe4 Rad8 17. Qe2 c5 18. Rd1 Qe6 19. b3 Nb8 20. Re3 Rxd1+ 21. Qxd1 Nc6 22. Qd6 b6 23. Kf1 Rd8 24. Qxe6 fxe6 25. Ke2 b5 26. Rd3 Rxd3 27. Kxd3 a5 28. a3 Kf7 29. Be3 Nxe5+ 30. Nxe5+ Bxe5 31. Bxc5 Kf6 32. Bd4 Bxd4 33. Kxd4 e5+ 34. Kc5 Ke6 35. Kxb5 Kd5 36. c4+ Kd4 37. c5 g5 38. c6 Kd3 39. c7 Ke2 40. c8Q Kxf2 41. Qf5+ Kxg2 42. Qxe5 Kxh3 43. Qf6 g4 44. Qxh6+ Kg2 45. Kxa5 g3 46. b4 Kf1 47. b5 g2 48. b6 Ke2 49. Qh2 Kf3 50. b7 Kf2 51. b8R Kf1 52. Rf8+ Ke2 53. Qe5+ Kd3 54. Rd8+ Kc4 55. Qc7+ Kb3 56. Rb8+ Ka2 57. Qc2+ Kxa3 58. Qb3# 1-0

[Event "Eastern Asia-ch U14 Girls"]
[Site "Tornelo INT"]
[Date "2021.10.23"]
[Round "5"]
[White "Kaewwattha, Natrada"]
[Black "Satiaseelan, Lokkavya"]
[Result "1-0"]
[WhiteElo "1122"]
[BlackElo "1185"]
[PlyCount "85"]
[EventDate "2021.10.22"]
[EventType "swiss"]
[EventRounds "9"]
[EventCountry "NET"]
[SourceTitle "EXT 2023"]
[Source "ChessBase"]
[SourceDate "2022.10.05"]
[SourceVersion "1"]
[SourceVersionDate "2022.10.05"]
[SourceQuality "1"]

1. e4 d6 2. d4 Nd7 3. Nf3 c6 4. c3 Qc7 5. Nbd2 Ngf6 6. Bd3 e5 7. dxe5 dxe5 8. 0-0 Bc5 9. Nb3 Bb6 10. h3 0-0 11. Qe2 h6 12. Bd2 Re8 13. Rad1 Nf8 14. Nh4 Be6 15. Kh1 g5 16. Nf5 Bxf5 17. exf5 e4 18. Bc2 Qe5 19. f4 exf3 20. Qxf3 Bc7 21. Kg1 Qh2+ 22. Kf2 Bb6+ 23. Nd4 Qe5 24. Rfe1 Bxd4+ 25. cxd4 Qxd4+ 26. Kf1 Rxe1+ 27. Bxe1 Qxb2 28. Bb3 Qe5 29. Bc3 Qb5+ 30. Kg1 N8d7 31. Kh1 Re8 32. h4 Ne5 33. Bxe5 Qxe5 34. hxg5 hxg5 35. Qh3 Ne4 36. Kg1 Qc5+ 37. Kh2 Nf2 38. Qh5 Qxf5 39. Rf1 Ng4+ 40. Kg1 Qc5+ 41. Kh1 Nf2+ 42. Kh2 Qe5+ 43. Kg1 1-0

[Event "Eastern Asia-ch U14 Girls"]
[Site "Tornelo INT"]
[Date "2021.10.22"]
[Round "3"]
[White "Mashhadi, Fatemeh"]
[Black "Kaewwattha, Natrada"]
[Result "1-0"]
[WhiteElo "1265"]
[BlackElo "1122"]
[PlyCount "95"]
[EventDate "2021.10.22"]
[EventType "swiss"]
[EventRounds "9"]
[EventCountry "NET"]
[SourceTitle "EXT 2023"]
[Source "ChessBase"]
[SourceDate "2022.10.05"]
[SourceVersion "1"]
[SourceVersionDate "2022.10.05"]
[SourceQuality "1"]

1. d4 d5 2. c4 e6 3. Nc3 Nf6 4. cxd5 exd5 5. Bg5 c6 6. Qc2 Be7 7. e3 Nbd7 8. Bd3 h6 9. Bh4 Nb6 10. Nf3 Be6 11. 0-0 0-0 12. Rab1 Rc8 13. b4 Re8 14. a4 Bg4 15. Ne5 Be6 16. Rfd1 Nbd7 17. Nxd7 Qxd7 18. Qb2 Bf5 19. Qc2 Bxd3 20. Qxd3 Qg4 21. Bg3 h5 22. b5 h4 23. h3 Qe6 24. Bxh4 Ne4 25. Bxe7 Rxe7 26. Nxe4 dxe4 27. Qb3 Qg6 28. Rbc1 Re6 29. Rc3 Qg5 30. Qc4 Rg6 31. Qf1 Rh6 32. Kh2 f5 33. Rdc1 f4 34. exf4 Qxf4+ 35. g3 Qf6 36. d5 g5 37. dxc6 bxc6 38. Rxc6 Rxc6 39. Rxc6 Qg7 40. Qc4+ Kh8 41. Rc8+ Kh7 42. Rc7 Qxc7 43. Qxc7+ Kg6 44. Qxa7 Kf5 45. Qc5+ Kg6 46. Qc6+ Kh5 47. g4+ Kh4 48. Qxh6# 1-0

[Event "THA-chT op"]
[Site "Bangkok"]
[Date "2020.12.14"]
[Round "9.4"]
[White "Chiadthaisong, Kanuengnit"]
[Black "Kaewwattha, Natrada"]
[Result "1-0"]
[WhiteElo "1075"]
[BlackElo "1104"]
[PlyCount "113"]
[EventDate "2020.12.10"]
[EventType "team-swiss"]
[EventRounds "9"]
[EventCountry "THA"]
[SourceTitle "CBM 199 Extra"]
[Source "ChessBase"]
[SourceDate "2021.01.31"]
[SourceVersion "1"]
[SourceVersionDate "2021.01.31"]
[SourceQuality "1"]
[WhiteTeam "Chess Avengers 101"]
[BlackTeam "Double Bishop"]
[WhiteTeamCountry "THA"]
[BlackTeamCountry "THA"]

1. Nf3 d5 2. g3 Nf6 3. Bg2 Bf5 4. 0-0 e6 5. c4 c6 6. d4 Be7 7. c5 0-0 8. Nc3 h6 9. b4 b5 10. a4 a6 11. axb5 cxb5 12. Nxb5 Nc6 13. Nc3 Nxb4 14. Qa4 a5 15. Ne5 Qc8 16. f3 Bc2 17. Qa3 Bh7 18. Na4 Bd8 19. Qc3 Ra6 20. Ba3 Nc6 21. Nb6 Qc7 22. Nxc6 Qxc6 23. Qd2 Re8 24. Rfc1 Bxb6 25. cxb6 Qxb6 26. Bc5 Qd8 27. Ra4 Nd7 28. Bb4 Nb8 29. Rxa5 Rxa5 30. Bxa5 Qd6 31. Qb2 Qa6 32. Bc7 Nc6 33. Qb6 Qxb6 34. Bxb6 Ne7 35. Rc7 Nf5 36. e4 dxe4 37. fxe4 Nd6 38. e5 Nf5 39. Bc6 Rf8 40. d5 exd5 41. Bxd5 g5 42. Bc5 Rb8 43. Bxf7+ Kh8 44. e6 Rb1+ 45. Kf2 Rb2+ 46. Kg1 Rb1+ 47. Kg2 Rb2+ 48. Kh3 Ng7 49. Rc8+ Bg8 50. Rxg8+ Kh7 51. e7 h5 52. e8Q g4+ 53. Kh4 Rxh2+ 54. Kg5 Nxe8 55. Rxe8 Rc2 56. Bg6+ Kg7 57. Bd4# 1-0